01250 2200457 4500001002100000005001500021035002500036020002200061040001700083041000800100082001500108084001700123090002000140090002100160090002200181090001900203100002700222245007100249260003500320300004400355650002300399700001900422850001200441008004100453250002600494504003100520007000300551990002200554990001800576990001800594990001800612990001800630990001800648990001800666990001800684990001800702990001800720990001800738990001800756990001800774INLIS00000000003183020181122101353 a0010-101700000000508 a978-602-391-228-5 aYOPDYOGbind0 aind04223a788.82 a788.82 DAN p aPK 788.82 DAN p aDEP 788.82 DAN p aCB-D.11/2016-1431 aK 788.82 DAN p1 aDanar Bayuardi,d1990-10aPintar bermain harmonika /cDanar Bayuardi; editor, Coky Aditya Z. aYogyakarta :bFlashBook,c2016 a92 halaman :bilustrasi, tabel ;c20 cm 4aMusik--xHarmonika0 aCoky Aditya Z. aYOPDYOG171023s2016 yoia g | ind d aCetakan Pertama, 2016 aBibliografi: halaman 89-91ta aCB-D.11/2016-1431 a29875-PD/B.17 a29876-PD/B.17 a29877-PD/B.17 a33451-PD/B.18 a33452-PD/B.18 a33453-PD/B.18 a33454-PD/B.18 a33455-PD/B.18 a33456-PD/B.18 a33457-PD/B.18 a33458-PD/B.18 a33459-PD/B.18